000 00498nam a22001817a 4500
003 CEME
005 20210628202721.0
008 210125b xxu||||| |||| 00| 0 eng d
020 _a9812-53-175-0
040 _c.
082 _a621.392 SEV
100 _aSeverance, Frank .L
_917962
245 _aSystem modeling and simulation an introduction
260 _aNEW YORK
_bJOHN WILEY
_c2001
300 _aXI,506 P
650 _aSYSTEM THEORY.SYSTEM MODELING AND SIMULATION
_961224
942 _cBK
_2ddc
999 _c570748
_d570748